000
00297nam a22001337a 4500
020
_a
81-7564-452-4
082
_a
494
_b
SIN/H
100
_a
SINGH, BHRAJA KISHORE PRASAD
245
_a
HINDI NIBHANDH
260
_a
DELHI
_b
SAHNI PUBLICATIONS
300
_a
232
650
_a
ESSAY
_z
DELHI
942
_c
BK
999
_c
4512
_d
4512